| 000 | 00665 a2200277 4500 | ||
|---|---|---|---|
| 260 | _aParis | ||
| 630 | _a657 - Comptabilité | ||
| 037 | _b1, Achat | ||
| 650 | _a6 - SCIENCES APPLIQUEES | ||
| 100 | _aKlein, Jean | ||
| 700 | _aMarois, Bernard | ||
| 260 | _bDunod | ||
| 245 | _aGestion et stratégie financières internationales | ||
| 300 | _a266 p. | ||
| 650 | _aFinances internationales : gestion | ||
| 650 | _aFinances internationales : stratégie | ||
| 260 | _c1985 | ||
| 300 | _b24cm | ||
| 100 | _lFr | ||
| 037 | _aDe 4108 | ||
| 440 | _aDunod Entreprise | ||
| 440 | _x0242-3812 | ||
| 020 | _a2-04-015504-X | ||
| 999 |
_c42105 _d42105 |
||